| 000 | 01258cam a2200325 4500 | ||
|---|---|---|---|
| 008 | 090401t1998 xxu||||| |||| 00| 0 eng d | ||
| 020 | _a0854068821 | ||
| 022 | _a1354-506X | ||
| 035 | _a(Sirsi) u85847 | ||
| 041 | _aeng | ||
| 050 |
_a690.241094169 _c18 |
||
| 100 | _aPickard, Robert D. | ||
| 245 |
_aMeeting the requirements of the Granada Convention _ba review of policy for the protection of the architectural heritage in the Republic of Ireland |
||
| 260 |
_aLondon _bRICS _c1998 |
||
| 300 |
_aii, 22p. _c 30cm. |
||
| 350 | _a7.95 | ||
| 490 |
_aRICS Foundation Research Papers _v3(1) |
||
| 520 | _aExamines the situation regarding the protection of the architectural heritage of the Republic of Ireland against the framework of the Convention for the Protection of the Architectural Heritage of Europe (1985) (the Granada Convention). | ||
| 650 | _aARCHITECTURAL HERITAGE | ||
| 650 | _aCONSERVATION | ||
| 650 | _aDUBLIN | ||
| 650 | _aGRANADA CONVENTION | ||
| 650 | _aHISTORIC BUILDINGS | ||
| 650 | _aLISTED BUILDINGS | ||
| 650 | _aEIRE | ||
| 690 | _aBUILT ENVIRONMENT-BUILDING MAINTENANCE AND REFURBISHMENT-BUILDING CONSERVATION | ||
| 710 |
_aRoyal Institution of Chartered Surveyors _94900 |
||
| 942 | _n0 | ||
| 948 | _c28/04/1998 | ||
| 999 |
_c97080 _d97080 |
||